MDQL
is popping MORE tags! Check the
thread
!
Quizzes
Events
Quiz Creation
Community
Videos
Private Events
Remove Ads
Sign In
Join for FREE
Feedback
Dark Mode
Quiz Categories
Sports
Geography
Music
Movies
Television
Just For Fun
Miscellaneous
History
Literature
Language
Science
Gaming
Entertainment
Religion
Holiday
For Kids
Quiz Lab
Recent
Popular Today
Quiz Kudos Today
Editor Picks
Curator Picks
Quizzes by...
Day
Popularity
Type
Ratings
Length
Year
Community
Subscriptions
Recent Discussions
Orange Saloon
Badges
Playlists
Quests
Create
Leaderboards
Showdown
Live 5
Trivia Bingo
Activity
Puzzle Library
Sporcle Events
Private Events
Virtual Trivia
Globe League
Become a Host
Pub Owners
SporcleCon
Opinionation
Our Games
Videos
Blog
Mobile Apps
Partnerships
Remove Ads and Go Orange
Feedback
Sports
Athletes
MLB
NBA
NHL
NFL
Soccer
Sports Teams
WWE
NCAA
Football
Premier League
Basketball
Baseball
Hockey
Golf
Tennis
Cricket
Rugby
Auto Racing
Olympics
World Cup
Sports
Athletes
MLB
NBA
NHL
NFL
Soccer
Sports Teams
WWE
NCAA
Football
Premier League
Basketball
Baseball
Hockey
Golf
Tennis
Cricket
Rugby
Auto Racing
Olympics
World Cup
Random Quiz
Search Sporcle
×
Quiz Lab
Quiz Lab
Sports
Football
Select answers by clicking on text or image buttons
Select answers by clicking on text or image buttons
Clickable
Best Score? Go Orange.
Super Bowl Winner by Roman Numeral Stats
Can you pick the Super Bowl Winner by the Roman Numeral?
By
bsumemrs93
5m
47 Questions
198 Plays
198 Plays
198 Plays
Comments
Comments
Give Quiz Kudos
Give Quiz Kudos
-
- Ratings
hide this ad
Forced Order
Answers have to be entered in order
Answers have to be entered in order
Replay
Link that replays current quiz
Next Quiz
Link to next quiz in quiz playlist
You Got
0%
They Got
Avg Score
58%
Avg Friend Score
Upgrade to see
Score Distribution
Jump to the score distribution portion of the page
Score
0/47
Timer
05:00
0
Plays Today
% Correct
New York Jets
82.3%
Kansas City Chiefs
78.8%
Green Bay Packers
77.3%
Baltimore Colts
76.3%
Green Bay Packers
75.3%
Green Bay Packers
72.2%
Miami Dolphins
70.7%
Miami Dolphins
69.7%
Pittsburgh Steelers
67.2%
Pittsburgh Steelers
67.2%
Pittsburgh Steelers
63.1%
Oakland Raiders
63.1%
Dallas Cowboys
63.1%
Green Bay Packers
62.6%
Dallas Cowboys
61.6%
Pittsburgh Steelers
61.6%
Dallas Cowboys
60.1%
Dallas Cowboys
59.6%
San Francisco 49ers
59.1%
Oakland Raiders
58.6%
Chicago Bears
58.6%
San Francisco 49ers
58.6%
San Francisco 49ers
57.6%
San Francisco 49ers
56.6%
% Correct
New York Giants
56.1%
Washington Redskins
55.6%
Washington Redskins
55.1%
Dallas Cowboys
54%
Los Angeles Raiders
54%
Baltimore Ravens
53.5%
San Francisco 49ers
51.5%
Denver Broncos
51%
Denver Broncos
51%
New York Giants
50.5%
New York Giants
50.5%
New England Patriots
50.5%
Pittsburgh Steelers
50%
New England Patriots
49.5%
Pittsburgh Steelers
49.5%
Washington Redskins
49%
St.Louis Rams
49%
New England Patriots
49%
Indianapolis Colts
48%
Baltimore Ravens
47.5%
New York Giants
47%
Tampa Bay Buccaneers
46.5%
New Orleans Saints
46.5%
Quiz Playlist
Details
Report
Send in Message
Add To Playlist
Clickable:
Select answers by clicking on text or image buttons
Forced Order:
Answers have to be entered in order
Quiz Source
Last Updated: Feb 16, 2017
Quiz Scoreboard
CHALLENGE
Sign Up to Join the Scoreboard
Show All
Scores
Hide
Comments
May contain spoilers
Recently Published
Two Season TV Shows II
by 123Four
Television
10m
Image Sorting: Flags VI
by Barbecue
Geography
2m
Find the 'City' Movie
by crazypaving
Movies
60s
More to Explore
Quiz From the Vault
Featured Blog Post
14 Easter Pick-up Lines to Find Eggs With
hide this ad
You Might Also Like...
Tags
Football Quiz
NFL Quiz
Playoff
Playoff Appearances
Playoff Games
Playoff Opponents
Playoff Records
Playoff Results
Roman Numerals
Sports Champions
Sports Championships
Super Bowl
Today's Top Quizzes in Sports
Browse Sports
hide this ad
Today's Top Quizzes in Football
Browse Football
Top Contributed Quizzes in Sports
1
Les meilleurs buteurs des matchs entre le PSG et l’OM
2
Les entraîneurs de l'OM et du PSG au 21e siècle
3
2022 World Cup Stars
4
Les joueurs passés par le PSG et l'OM
5
Players with Multiple 50 Home Run Seasons
6
FIFA Club World Cup Champions
7
Criteria MLB: Left Handed Sluggers
8
Les joueurs passés par le LOSC et le RC Lens
9
Top 10 NHL Goal Scorers of All Time
10
MLB Players with Two .350 Batting Average Seasons
Explore More
Trending Topics
Kpop
Disney
NBA
Marvel
Crossword
Harry Potter
Anime
Song
Puzzle
WWE
NFL
Pokémon
Soccer
The Office
Country
hide this ad
More By:
bsumemrs93
Quiz
Plays
Rating
Category
Featured
Created
German History by the Decade
4,493
4.78
History
Dec 23, 2012
MLB Literal Nicknames
3,220
4.42
Sports
Dec 21, 2012
American Event by the Year (1776-2012)
1,735
3.75
History
Dec 20, 2012
Russian Leaders All Time
1,510
4.00
History
Nov 24, 2012
MLB Unbreakable Records
881
4.38
Sports
Jan 20, 2013
Go to Creator's Profile
Score Distribution
Quiz Creator Spotlight
bsumemrs93
Follow
Send a Message
Quizzes Created
-
Created Quiz Play Count
-
More By This Creator
Popular Quizzes Today
1
Find the US States - No Outlines Minefield
2
Colored Red Africa Blitz
3
Find the 'City' Movie
4
5x2 Blitz: Bands
5
The Countries of the World
6
Find the Countries of Europe - No Outlines Minefield
7
Find the US States
8
US States
More Sports Quizzes
2019 NBA All Star Game Sort
Quiz Lab
Trending Quizzes
Colored Red Europe Blitz I
Colored Red Africa Blitz II
Colored Red Europe Blitz II
Colored Red Europe Blitz III
Colored Red Africa Blitz III
Recently Updated
How Do You Spell That?
pecheneg
Godzilla Movies
pecheneg
Grab Bag: 4-10 Letters
pecheneg
2024 March Madness Bracket
pecheneg
Famous TV Couples
Peacemaker
Champions League XIs: Real Madrid
pecheneg
Largest US Cities 1790-2010
pecheneg
Rides in Walt Disney World
pecheneg
Most Oscar Losses (Acting)
pecheneg
Beyoncé Albums
pecheneg
Trending Topics
Disney
Harry Potter
Kpop
NBA
Crossword
Anime
Marvel
WWE
Pokémon
NFL
Song
Soccer
The Office
Country
Puzzle
Your Account Isn't Verified!
In order to create a playlist on Sporcle, you need to verify the email address you used during registration. Go to your
Sporcle Settings
to finish the process.
Report this User
Report this user for behavior that violates our
Community Guidelines
.
Details:
Send Report
Go to the Sporcle.com Mobile Site →
Comments